000 01170cam a2200241 4500
001 WB3808-11
008 020226n2002 000 0 eng u
035 _a(Sirsi) u116857
245 _aReview highlights renewable power
260 _c2002
490 _aPlanning (for the Natural and Built Environment)
_v22 February 2002, 3(1)
520 _aThe Cabinet Office's performance and innovation unit (PIU) has published "The energy review". The review calls for increased energy contributions from renewable sources but does not rule out nuclear power, ' an important, zero-carbon option for the future'. Planning guidance should also include clear arguments on the need for new energy developments where they are in the national interest. The review is available from PIU: t +44 (0)20 7276 1416 or viewed at the Planning website, www.planning.haynet.com.
590 _aWB
650 _aRENEWABLE ENERGY
650 _aGOVERNMENT REVIEW
650 _aNUCLEAR POWER
650 _aPLANNING SYSTEM
650 _aENERGY RESOURCES
650 _aCLIMATE CHANGE
650 _aLOW CARBON ECONOMY
690 _aENVIRONMENTAL AND LAND CONSULTANCY-ENERGY
942 _n0
999 _c69599
_d69599